<?xml version="1.0" encoding="UTF-8"?>
<record
    xmlns:xsi="http://www.w3.org/2001/XMLSchema-instance"
    xsi:schemaLocation="http://www.loc.gov/MARC21/slim http://www.loc.gov/standards/marcxml/schema/MARC21slim.xsd"
    xmlns="http://www.loc.gov/MARC21/slim">

  <leader>01433nam a2200193Ia 4500</leader>
  <controlfield tag="003">OSt</controlfield>
  <controlfield tag="005">20231206113637.0</controlfield>
  <controlfield tag="008">220524s9999    xx            000 0 und d</controlfield>
  <datafield tag="020" ind1=" " ind2=" ">
    <subfield code="a">9780713486929</subfield>
  </datafield>
  <datafield tag="041" ind1=" " ind2=" ">
    <subfield code="a">eng</subfield>
  </datafield>
  <datafield tag="082" ind1=" " ind2=" ">
    <subfield code="a">746.92</subfield>
    <subfield code="b">EWI</subfield>
  </datafield>
  <datafield tag="100" ind1=" " ind2=" ">
    <subfield code="a">Ewing Elizabeth</subfield>
    <subfield code="9">205346</subfield>
  </datafield>
  <datafield tag="245" ind1=" " ind2=" ">
    <subfield code="a">History of 20th Century Fashion</subfield>
  </datafield>
  <datafield tag="260" ind1=" " ind2=" ">
    <subfield code="b">Batsford-London</subfield>
    <subfield code="c">2009</subfield>
  </datafield>
  <datafield tag="300" ind1=" " ind2=" ">
    <subfield code="a">320</subfield>
  </datafield>
  <datafield tag="520" ind1=" " ind2=" ">
    <subfield code="a">&#x2022;	Acknowledgement
&#x2022;	Bibliography
&#x2022;	Chronology
1.	Edwardian Sunshine for the Few, But Change in the Air, I900- 1_I909
2.	Fashion Spreads from the Top, and Many Join in, I900-I910
3.	Manufacture Grows, But Sweated Labour Casts a Shadow, I900-I908
4.	The Start of Modern Fashion and the Effect of World War I, I907 -I9I8
5.	New Fashion Makers and the New Kinds of Fashion, I920-I930
6.	Developments in Fashion Manufacture Between the Wars, I918-I935
7.	Fashion by Decree During and After World War II, I939-I947
8.	New Looks for all from 1947
9.	The Young Explosion Splits Fashion from the Late I950, s
10.	Growth and Prosperity of the Top Manufacturers, I960&#x2019;s and Early I970&#x2019;s
11.	 Changes from the I970&#x2019;s; Revolt, Unexpected Influences and Punk
12.	 Ready-to-Wear: I970&#x2019;s to Early I990&#x2019;s
13.	Changes to the Shops: I970&#x2019;s to Early I990&#x2019;s
14.	Fashion from the Mid-I980&#x2019;s to Early I990&#x2019;s
15.	Fashion from the Mid-I90&#x2019;s to the Millennium
</subfield>
  </datafield>
  <datafield tag="650" ind1=" " ind2=" ">
    <subfield code="a">Fashion History</subfield>
    <subfield code="9">204386</subfield>
  </datafield>
  <datafield tag="942" ind1=" " ind2=" ">
    <subfield code="c">BK</subfield>
  </datafield>
  <datafield tag="999" ind1=" " ind2=" ">
    <subfield code="c">356604</subfield>
    <subfield code="d">356604</subfield>
  </datafield>
  <datafield tag="952" ind1=" " ind2=" ">
    <subfield code="0">0</subfield>
    <subfield code="1">0</subfield>
    <subfield code="2">ddc</subfield>
    <subfield code="4">0</subfield>
    <subfield code="7">0</subfield>
    <subfield code="a">SOFT</subfield>
    <subfield code="b">SOFT</subfield>
    <subfield code="d">2002-04-27</subfield>
    <subfield code="g">0.00</subfield>
    <subfield code="l">3</subfield>
    <subfield code="o">746.92 EWI</subfield>
    <subfield code="p">SOFT-BK-2344</subfield>
    <subfield code="r">2026-01-06 14:22:01</subfield>
    <subfield code="s">2026-01-06</subfield>
    <subfield code="v">0.00</subfield>
    <subfield code="w">2022-07-08</subfield>
    <subfield code="y">BK</subfield>
    <subfield code="z">002344</subfield>
  </datafield>
</record>
